000 00350nam a2200145Ia 4500
003 OSt
005 20231214050353.0
008 170524s9999 xx 000 0 und d
020 _a9788184350067
040 _cIIMT UNIVERSITY
100 _aTAPADIA - S
245 0 _aSEBI & THE REGULATORY FRAMEWORK
260 _bNew Delhi : Adhiyaya
942 _2ddc
_c01
999 _c9456
_d9456